| 000 | 00675nam a2200229Ia 4500 | ||
|---|---|---|---|
| 003 | OSt | ||
| 005 | 20220923224429.0 | ||
| 006 | a|||||r|||| 00| 0 | ||
| 007 | ta | ||
| 008 | Pun | ||
| 024 | _a232,654 | ||
| 037 | _cTextual | ||
| 040 |
_aARTS _cARTS _bPun |
||
| 041 |
_2Pun _aPun |
||
| 082 | _aO153,2:g, P4 | ||
| 100 | _aਰਘਬੀਰ ਕੌਰ | ||
| 245 | 0 |
_aਪੰਜਾਬੀ ਦੁਖਾਂਤ ਨਾਟਕ _b ਪੰਰਪਰਾ ਤੇ ਪ੍ਰਵਾਹ |
|
| 260 |
_aਜਲੰਧਰ _b ਜਲੰਧਰ ਬੁੱਕ Fਾਪ _c2004 |
||
| 300 |
_a192ਪੰ _ccm. |
||
| 942 |
_hO153,2:g, P4 _cTEXL _2CC |
||
| 999 |
_c371379 _d371379 |
||